Quienes gobiernan América Latina?

Salvato in:
Dettagli Bibliografici
Autore principale: Faxio Rigazzi, Hugo (Autore)
Natura: Libro
Lingua:spagnolo
Pubblicazione: Santiago LOM 2003
Edizione:1a. ed
Serie:Colección Ciencias Sociales
Soggetti:
Tags: Aggiungi Tag
Nessun Tag, puoi essere il primo ad aggiungerne!!

MARC

LEADER 00000nam a2200000 a 4500
001 UCI1586
003 CL-VaPUC
008 070706e20030000CL |||||||||||||||||spa|d
020 |a 9562825493 
082 0 4 |a 330.98  |b FAX  |2 21 
100 0 |a Faxio Rigazzi, Hugo  |e author  |9 522170 
245 1 0 |a Quienes gobiernan América Latina? 
250 |a 1a. ed 
300 |a 258 p 
942 |c BK 
945 |d 20070706 00:00:00  |a jtorresc 
260 |a Santiago  |b LOM  |c 2003 
650 0 |a Condiciones económicas  |9 258255 
650 0 |a Investigación económica  |9 320830 
651 0 |a América Latina   |9 255027 
583 |a last modification  |c 20070706 00:00:00  |k Rodrigo Vera 
490 0 |a Colección Ciencias Sociales 
999 |c 326369  |d 326367 
952 |0 0  |1 0  |4 0  |6 330_980000000000000_FAX_2003  |7 0  |8 A  |9 408230  |a BIBHIS  |b BIBHIS  |d 2019-11-22  |i 4353439  |o 330.98 FAX 2003  |p 4353439  |r 2025-01-20  |w 2019-11-22  |y BK  |k HIS